[Event "Herzliya op"]
[Site "Herzliya"]
[Date "2008.09.12"]
[Round "9"]
[White "Ettinger, Amir"]
[Black "Amit, Yaron"]
[Result "1/2-1/2"]
[WhiteElo "2012"]
[BlackElo "2198"]
[PlyCount "93"]
[EventDate "2008.09.02"]
[EventType "swiss"]
[EventRounds "9"]
[EventCountry "ISR"]
[SourceTitle "CBM 126 Extra"]
[Source "ChessBase"]
[SourceDate "2008.11.05"]
[SourceVersion "1"]
[SourceVersionDate "2008.11.05"]
[SourceQuality "1"]

1. e4 e5 2. Bc4 Nf6 3. d3 Nc6 4. Nc3 Na5 5. a4 Nxc4 6. dxc4 Bb4 7. Qd3 d6 8. Nge2 Bg4 9. f3 Be6 10. 0-0 h6 11. b3 c6 12. Rd1 Qe7 13. Be3 0-0 14. a5 Rfd8 15. Ng3 d5 16. exd5 cxd5 17. cxd5 Nxd5 18. Nxd5 Rxd5 19. Qe4 Bc3 20. Rxd5 Bxd5 21. Qxd5 Bxa1 22. a6 Bd4 23. Bxd4 exd4 24. axb7 Rb8 25. Qxd4 Qxb7 26. Nf1 Qb6 27. Qxb6 axb6 28. Kf2 f6 29. Ne3 Kf7 30. g4 Ke6 31. h4 Rc8 32. h5 Ke5 33. Nc4+ Kd4 34. Nxb6 Rxc2+ 35. Kg3 Rb2 36. Nc4 Rxb3 37. Nd6 Ke5 38. Nf5 Rb7 39. Nh4 Ra7 40. Nf5 Rf7 41. Nh4 f5 42. Nxf5 Rxf5 43. gxf5 Kxf5 44. f4 Ke4 45. Kg4 Ke3 46. Kg3 Ke4 47. Kg4 1/2-1/2

[Event "Herzliya op"]
[Site "Herzliya"]
[Date "2008.09.10"]
[Round "7"]
[White "Nakar, Eylon"]
[Black "Amit, Yaron"]
[Result "1-0"]
[WhiteElo "2087"]
[BlackElo "2198"]
[PlyCount "51"]
[EventDate "2008.09.02"]
[EventType "swiss"]
[EventRounds "9"]
[EventCountry "ISR"]
[SourceTitle "CBM 126 Extra"]
[Source "ChessBase"]
[SourceDate "2008.11.05"]
[SourceVersion "1"]
[SourceVersionDate "2008.11.05"]
[SourceQuality "1"]

1. e4 c6 2. d4 d5 3. Nc3 dxe4 4. Nxe4 Nd7 5. Ng5 Ngf6 6. Bd3 e6 7. N1f3 Be7 8. Qe2 c5 9. Nxf7 Kxf7 10. Ng5+ Ke8 11. Nxe6 Qb6 12. Nxg7+ Kd8 13. Ne6+ Ke8 14. Bf4 Ne5 15. Ng7+ Kf7 16. Qxe5 Ng4 17. Bc4+ Kf8 18. Ne6+ Qxe6 19. Bxe6 Nxe5 20. Bxe5 Bxe6 21. Bxh8 Kf7 22. Be5 Rg8 23. 0-0 cxd4 24. Rfd1 Bf5 25. Bxd4 Bg5 26. Be3 1-0

[Event "Herzliya op"]
[Site "Herzliya"]
[Date "2008.09.07"]
[Round "5"]
[White "Aharon, Ofir"]
[Black "Amit, Yaron"]
[Result "1-0"]
[WhiteElo "2091"]
[BlackElo "2198"]
[PlyCount "57"]
[EventDate "2008.09.02"]
[EventType "swiss"]
[EventRounds "9"]
[EventCountry "ISR"]
[SourceTitle "CBM 126 Extra"]
[Source "ChessBase"]
[SourceDate "2008.11.05"]
[SourceVersion "1"]
[SourceVersionDate "2008.11.05"]
[SourceQuality "1"]

1. e4 c6 2. d4 d5 3. Nd2 dxe4 4. Nxe4 Nd7 5. Ng5 Ngf6 6. Bd3 e6 7. N1f3 Be7 8. Qe2 0-0 9. Bd2 c5 10. c3 Qb6 11. 0-0-0 cxd4 12. Nxd4 Nc5 13. Bc2 Bd7 14. Bf4 Na4 15. Nb3 Rfd8 16. Be5 h6 17. Ne4 Nxe4 18. Rxd7 Bg5+ 19. f4 Nec5 20. Rxd8+ Bxd8 21. Qg4 f6 22. Bd4 e5 23. Nxc5 Nxc5 24. Bxc5 Qxc5 25. Qe6+ Kf8 26. Bb3 Qe3+ 27. Kb1 Qe4+ 28. Ka1 Qg6 29. f5 1-0

[Event "Kfar Sava"]
[Site "Kfar Sava"]
[Date "1996.??.??"]
[Round "?"]
[White "Alterman, Boris"]
[Black "Amit, Yaron"]
[Result "1-0"]
[WhiteElo "2590"]
[BlackElo "2190"]
[PlyCount "57"]
[EventDate "1996.??.??"]
[EventType "game"]
[EventRounds "3"]
[EventCountry "ISR"]
[SourceTitle "CBM 055"]
[Source "ChessBase"]
[SourceDate "1996.12.01"]
[SourceVersion "1"]
[SourceVersionDate "1996.12.01"]
[SourceQuality "1"]

1. d4 f5 2. c4 Nf6 3. Nf3 g6 4. g3 Bg7 5. Bg2 0-0 6. 0-0 d6 7. Nc3 Qe8 8. d5 Na6 9. Rb1 c5 10. dxc6 bxc6 11. b4 Bd7 12. b5 cxb5 13. cxb5 Nc5 14. a4 Nce4 15. Nxe4 Nxe4 16. Bb2 Qf7 17. Bxg7 Qxg7 18. Rc1 Rac8 19. Rxc8 Rxc8 20. Qd5+ e6 21. Qb7 Nc3 22. Qxa7 Rc4 23. b6 Bc6 24. Qxg7+ Kxg7 25. Nd2 Nxe2+ 26. Kh1 Bxg2+ 27. Kxg2 Rc8 28. a5 Nd4 29. a6 1-0